Encyclopedia of Library and Information Science

Gespeichert in:
Bibliographische Detailangaben
Format: Buch
Sprache:Englisch
Veröffentlicht: New York Dekker 1980
Tags: Tag hinzufügen
Keine Tags, Fügen Sie das erste Tag hinzu!

MARC

LEADER 00000nam a2200000 4500
001 c119340
005 20230111125708.9
041 0 |a eng 
044 |a US 
245 1 0 |a Encyclopedia of Library and Information Science 
264 1 |a New York  |b Dekker  |c 1980 
300 |a 499 s.